Países que começam com a letra E - Statistics

Estatísticas Gerais
  • Esse quiz foi jogado 128 vezes
  • A pontuação média é 10 de 15
Estatísticas das Respostas
Hint Resposta % Correto
2. Estónia
91%
10. Eslováquia
85%
3. Espanha
85%
1. Estados Unidos
85%
11. Eslovénia
83%
5. Etiópia
83%
13. Etiópia
83%
4. Emirados Árabes Unidos
79%
8. Equador
79%
9. Eritreia
72%
6. Egito
70%
7. El Salvador
63%
12. Escócia
38%
14. Estados Federados da Micronésia
36%
15. Eswatini
11%
Nenhum quiz correspondente encontrado
Distribuição das Pontuações
Porcentagem de Pessoas com Cada Pontuação
Percentil de Números Respondidos
Sua Pontuação Histórica
Você não jogou esse quiz